[Event "Magnus Carlsen Invitational 2021"]
[Site "Online"]
[Date "2021.03.10"]
[Round "2.3"]
[White "Anton Guijarro, David"]
[Black "Van Foreest, Jorden"]
[Result "0-1"]
[WhiteElo "2674"]
[BlackElo "2543"]
[Annotator "TA"]
[PlyCount "58"]
[EventDate "2021.03.13"]
[EventType "tourn"]
[EventCountry "NET"]
[SourceTitle "playchess.com"]
[Source "ChessBase"]
[SourceQuality "1"]

{[%evp 12,58,54,47,50,59,67,44,38,45,48,44,51,51,58,24,58,45,54,33,30,23,58,50,125,71,65,11,15,1,1,2,4,2,5,0,0,0,0,-15,-12,-31,-27,-50,-1,-9,0,-1090,-1066]} 1. d4 d5 2. c4 e6 3. Nc3 c5 4. cxd5 cxd4 5. Qa4+ Bd7 6. Qxd4 exd5 7. Qxd5 Nf6 {D32: Tarrasch Defence: Sidelines and lines without g3.} 8. Qd1 Bc5 {has lost popularity (8...Nc6).} 9. e3 (9. a3 {feels hotter.} O-O 10. Nf3 Re8 11. b4 Bb6 12. e3) 9... O-O {White is slightly better.} 10. Nf3 Qe7 11. Be2 Rd8 12. Qc2 Nc6 13. a3 Rac8 14. O-O Bd6 {[#]} 15. Bd2 $146 ({Predecessor:} 15. h3 b5 16. e4 a5 17. Bxb5 Ne5 18. Nd4 Bxb5 19. Ndxb5 Bb8 20. Bg5 Nd3 21. Qe2 {0-1 (50) Utkin,A (2187)-Vlassow,V (2379) Peterhof 2008}) 15... Ne5 16. Rad1 Bc7 17. Bc1 h5 {[#]} (17... Nxf3+ $14 18. Bxf3 b6) 18. Nd4 ({White should play} 18. Ng5 $1 {Hoping for Nd5.} Ng6 19. e4) 18... Nc6 $16 19. h3 ({White should try} 19. Rfe1 $14) 19... Nxd4 $11 20. Rxd4 Qe5 {[%csl Gc7][%cal Re5h2]} 21. f4 Qe7 22. Bf3 Bb6 23. Rb4 ({Much weaker is} 23. Bxb7 Bxd4 24. exd4 {[#]} Ba4 $1 $15) 23... Bc6 24. Bxc6 Rxc6 25. Kh1 Ba5 26. Ra4 Bxc3 27. bxc3 b5 28. Rb4 Qc5 29. a4 $2 {[%mdl 8192] [#]} (29. Qe2 $11) 29... Qxb4 $1 {[%mdl 576] Pin.  Weighted Error Value: White=0.47/Black=0.10} 0-1

[Event "Magnus Carlsen Invitational 2021"]
[Site "Online"]
[Date "2021.03.10"]
[Round "2.4"]
[White "Grandelius, Nils"]
[Black "Nakamura, Hikaru"]
[Result "0-1"]
[WhiteElo "2632"]
[BlackElo "2829"]
[Annotator "TA"]
[PlyCount "116"]
[EventDate "2021.03.13"]
[EventType "tourn"]
[EventCountry "NET"]
[SourceTitle "playchess.com"]
[Source "ChessBase"]
[SourceQuality "1"]

{[%evp 16,116,22,15,16,13,24,20,25,23,33,30,36,31,39,30,50,50,62,59,49,47,49,44,56,61,50,39,39,34,47,46,59,50,52,0,0,0,0,0,13,12,11,0,0,0,0,0,0,0,0,-27,-20,-17,-9,-40,-50,-50,-10,-18,-16,-59,-32,-66,-17,-73,-70,-166,-166,-201,-201,-243,-189,-187,-158,-303,-295,-305,-232,-303,-295,-563,-301,-297,-297,-296,-243,-293,-293,-281,-233,-231,-230,-271,-271,-1211,-1185,-4767,-4559,-1541,-997,-1322,-748]} 1. e4 e5 2. Nf3 Nc6 3. Bb5 Nf6 4. O-O Nxe4 5. Re1 Nd6 6. Nxe5 Be7 7. Bf1 Nxe5 8. Rxe5 O-O 9. d4 Ne8 {C67: Ruy Lopez: Berlin Defence: 4 0-0 Nxe4.} 10. d5 Bc5 11. Re1 {[#]} h6 $1 $146 {[%mdl 8] The position is equal. A top novelty.} ({Predecessor:} 11... d6 12. Nc3 f5 13. Na4 Bxf2+ 14. Kxf2 Qh4+ 15. Kg1 Qxa4 16. Re7 Qh4 17. Qe2 Nf6 18. Rxc7 Nxd5 {½-½ (45) Nakamura,H (2746)-Aronian,L (2765) St Petersburg 2018}) 12. Nc3 Nf6 13. h3 Re8 14. Rxe8+ Nxe8 15. Ne4 Bf8 16. Qf3 d6 17. Bd2 g6 18. Re1 Bg7 19. c4 Bf5 20. b3 a5 21. Ng3 Bd7 22. Bd3 b6 23. Qd1 Nf6 24. Qc1 Qf8 25. Ne4 (25. Re3 $14) 25... Nxe4 $11 26. Bxe4 Re8 27. Bd3 h5 28. Rxe8 Qxe8 29. Qe1 Qd8 30. Be3 Qf6 31. Qc1 Qe7 32. Bg5 Bf6 33. Bf4 Bd4 34. Qd2 Qf6 35. Kf1 Bc5 36. Kg1 Bf5 37. Bxf5 Qxf5 38. h4 a4 39. bxa4 Qe4 40. Qc1 (40. Bg5 $1 $11) 40... Qe2 $36 {[%mdl 2112] [#] Double Attack. Black has some pressure. White is now going downhill.} 41. Bg3 ({White should play} 41. Be3 $15) 41... Qxa2 $19 42. Qc3 Qxa4 43. Kh2 b5 44. cxb5 Qxb5 45. Qf3 (45. Bf4 $17 {was called for.} Qa4 46. Qd2) 45... Qb2 46. Kh3 Qd4 47. Kh2 Kg7 48. Qb3 $2 (48. Kg1 {is a better defense.}) 48... Qd2 49. Qf3 Bb6 50. Kh3 Bd4 51. Kh2 Qe1 52. Qf4 Be5 53. Qf3 Qd2 54. Bxe5+ dxe5 55. g3 $2 {[#]} (55. Kg3) 55... e4 $1 {[%cal Re4f3][%mdl 64] Deflection. Black is clearly winning.} 56. Qxe4 Qxf2+ 57. Kh1 Qxg3 58. Qd4+ Kg8 {Weighted Error Value: White=0.48/Black=0.15} 0-1

[Event "Magnus Carlsen Invitational 2021"]
[Site "Online"]
[Date "2021.03.10"]
[Round "2.5"]
[White "Mamedyarov, Shakhriyar"]
[Black "Dubov, Daniil"]
[Result "1/2-1/2"]
[WhiteElo "2761"]
[BlackElo "2770"]
[Annotator "TA"]
[PlyCount "137"]
[EventDate "2021.03.13"]
[EventType "tourn"]
[EventCountry "NET"]
[SourceTitle "playchess.com"]
[Source "ChessBase"]
[SourceQuality "1"]

{[%evp 27,136,0,0,0,15,0,0,0,0,0,0,-16,4,0,9,10,49,48,50,22,24,20,21,20,38,22,27,35,67,67,66,59,60,59,59,60,69,60,75,69,80,74,81,72,110,134,162,158,176,177,177,175,178,150,152,152,152,152,152,152,152,152,152,146,142,136,140,0,130,0,131,126,122,120,141,141,237,232,244,244,313,311,310,309,361,356,325,318,277,288,411,363,363,363,356,350,348,348,250,254,239,234,232,224,189,8,8,8,8,0,0]} 1. e4 c5 2. c3 d5 3. exd5 Qxd5 4. d4 cxd4 5. cxd4 Nc6 6. Nf3 e5 7. Nc3 Bb4 8. Bd2 Bxc3 9. Bxc3 e4 10. Ne5 Nxe5 11. dxe5 Ne7 12. Qa4+ Bd7 13. Qa3 Qe6 14. Rd1 O-O 15. Be2 {Rd6 is the strong threat. B22: Sicilian: 2 c3.} Nf5 16. O-O Bc6 17. Bg4 Qg6 18. Bxf5 Qxf5 19. Qc5 {[#]} Rfd8 $146 {[#]} ({Predecessor:} 19... Rfe8 20. Qd4 Re6 21. Rfe1 h5 22. Qe3 a6 23. Rd2 Rae8 24. Red1 Rg6 25. Rd6 Qg4 {1-0 (64) Kainrath,F (2140)-Detter,P (2100) Austria 2011}) 20. Qxa7 $1 h5 (20... h6 21. Qe3) 21. Qe3 Rd3 22. Rxd3 exd3 23. f3 Rxa2 24. Rd1 Bb5 25. e6 fxe6 26. Qd4 {[%csl Gc3][%cal Rd4g7]} Qg6 27. Re1 {Strongly threatening Rxe6!} Ra4 28. Qd8+ Kh7 29. Re5 $40 {[%mdl 128] White is up to no good.} Ra1+ 30. Kf2 $1 d2 $1 31. Qxd2 Rf1+ 32. Ke3 Qh6+ {[#]} 33. Kd4 $1 Qxd2+ ({Don't go for} 33... Qf6 $2 34. Kc5 $18) 34. Bxd2 $14 {[%mdl 4096] Endgame KRB-KRB} Be8 35. Rxe6 Bf7 36. Re7 Kg6 37. Ke3 Rh1 38. h3 b5 39. Rb7 Rg1 40. g4 ({Don't take} 40. Rxb5 $6 Rxg2 41. Bc3 Rh2 $16) 40... Rg3 41. gxh5+ Kf6 42. Bc3+ Ke6 43. Kf4 Rxh3 44. Kg4 ({Reject} 44. Bxg7 $6 Bxh5 45. Rxb5 Bxf3 $11) 44... Rh1 45. Rxb5 Rg1+ 46. Kf4 Rh1 47. Kg4 Rg1+ $1 48. Kf4 Rh1 49. Bxg7 {Black must now prevent h6.} Bxh5 50. Bc3 Kd6 51. Kg3 Bf7 {[#]} (51... Be8 $16 52. Ra5 Rh5 53. Ra6+ Kc5) 52. f4 $1 $18 Be8 53. Ra5 Bd7 54. f5 Rf1 55. Kg4 Ke7 56. Bd4 Kf7 57. Kg5 Rd1 58. Rd5 Bc8 (58... Ba4 {was worth a try.} 59. Rd6 Ke8 60. Re6+ Kd7) 59. Rd8 Ba6 60. Rd7+ Ke8 61. Rd6 Bc4 {intending ...Ke7.} 62. Kf6 Bb3 {[#]} 63. Rb6 $1 Bc2 64. Re6+ Kd7 65. Re7+ Kc6 66. Be5 $2 (66. Be3 $18) 66... Rf1 $1 $11 {The position is equal.} 67. Rc7+ Kd5 68. Rxc2 Rxf5+ $1 69. Kxf5 {Weighted Error Value: White=0.08/Black=0.13} 1/2-1/2

[Event "Magnus Carlsen Invitational 2021"]
[Site "Online"]
[Date "2021.03.10"]
[Round "2.6"]
[White "Nepomniachtchi, Ian"]
[Black "Aronian, Levon"]
[Result "0-1"]
[WhiteElo "2778"]
[BlackElo "2778"]
[Annotator "TA"]
[PlyCount "80"]
[EventDate "2021.03.13"]
[EventType "tourn"]
[EventCountry "NET"]
[SourceTitle "playchess.com"]
[Source "ChessBase"]
[SourceQuality "1"]

{[%evp 13,80,-26,0,0,1,18,37,31,16,9,16,14,53,60,43,33,62,43,111,0,42,12,5,8,64,23,20,-37,-42,-146,-133,-152,-135,-230,-220,-234,-241,-222,-227,-224,-235,-306,-297,-362,-361,-389,-376,-530,-389,-389,-382,-474,-262,-257,-202,-264,-250,-372,-260,-29981,-29982,-29982,-29983,-29979,-29980,-29987,-29988,-29988,-29989]} 1. e4 e5 2. f4 exf4 3. Bc4 Nf6 4. Nc3 c6 5. d4 d5 6. exd5 cxd5 7. Bb3 Bd6 (7... Bb4 {is more complex.} 8. Bxf4 O-O 9. Nf3 a5 10. a4 Ne4) 8. Nge2 $1 {8.Nge2 scores better than 8.Nf3. C33: King's Gambit Accepted: 3 Nc3 and 3 Bc4.} Bg4 9. Qd3 O-O 10. O-O {White is slightly better.} f3 11. gxf3 Bh3 {And now ...Bxh2+! would win.} 12. Rf2 {[#]} Nbd7 $146 ({Predecessor:} 12... Nc6 13. Bg5 h6 14. Bh4 g5 15. f4 Qd7 16. fxg5 Qg4+ 17. Bg3 Bxg3 18. Qxg3 Qxg3+ 19. Nxg3 {0-1 (39) Ivanenko,O (2221)-Soysal,S (2316) Lvov 2015}) 13. Bg5 Qb6 14. f4 Bg4 15. Rg2 {Hoping for Qg3.} Rfe8 (15... Rae8 $14) 16. Rf1 (16. Nxd5 $16 Nxd5 17. Rxg4) 16... Bf8 17. h3 Bxe2 18. Nxe2 a5 (18... Re4 $1 $11) 19. a4 Re4 {[#]} 20. Kh1 (20. Bxd5 $1 $11 Rxe2 21. Bxf7+ $1 Kxf7 22. Rxe2) 20... Rae8 $15 {White must now prevent ...Re3.} 21. Ng3 {Black converts the advantage convincingly.} ({White should play} 21. f5 $15) 21... Rxd4 $17 22. Qf3 Rb4 23. Nf5 {[#]} (23. Bxf6 $17 Nxf6 24. Nh5) 23... g6 $1 $19 24. Bxd5 Nxd5 ({Much less strong is} 24... Rxb2 25. Bb3 $17) ({But not} 24... Rxa4 25. c3 $17) 25. Qxd5 {[#]} Nf6 {[%cal Rf6d5]} 26. Bxf6 Qxf6 27. b3 Kh8 28. Ng3 Rxf4 29. Rxf4 Qxf4 30. Qxa5 (30. Re2 $142 Qc1+ 31. Kh2 Rxe2+ 32. Nxe2 Qxc2 33. Qc4) 30... Bd6 {...Qf3! is the strong threat.} 31. Qc3+ f6 32. Kg1 Bb4 (32... Bc7 $142 33. b4 Re3) 33. Ne2 Qh4 ({Less strong is} 33... Bxc3 34. Nxf4 Re4 35. Nd5 $11) 34. Qg3 Bc5+ 35. Kf1 (35. Kh2 $142 Qe4 36. Qd3) 35... Qe4 36. Qf4 $2 (36. Qd3 $19 Qe5 37. c3) 36... Qxc2 {[%cal Rc2d1] Black mates.} 37. Qc1 Qf5+ {[%mdl 64] Double Attack} 38. Qf4 Qd3 {[%cal Rd3d1]} 39. Qg3 Qb1+ 40. Qe1 Qf5+ {[%mdl 64] Double Attack.  Weighted Error Value: White=0.49/Black=0.24} 0-1

[Event "Magnus Carlsen Invitational 2021"]
[Site "Online"]
[Date "2021.03.10"]
[Round "2.7"]
[White "Karjakin, Sergey"]
[Black "So, Wesley"]
[Result "0-1"]
[WhiteElo "2709"]
[BlackElo "2741"]
[Annotator "TA"]
[PlyCount "108"]
[EventDate "2021.03.13"]
[EventType "tourn"]
[EventCountry "NET"]
[SourceTitle "playchess.com"]
[Source "ChessBase"]
[SourceQuality "1"]

{[%evp 12,108,16,0,9,12,15,15,17,-13,-15,-14,0,0,0,0,-3,0,0,0,0,-14,-2,-42,54,0,14,-59,-43,-182,-175,-188,-157,-185,-154,-147,-152,-143,-154,-141,-144,-152,-146,-168,-147,-154,-138,-135,-139,-141,-141,-116,-125,-173,-175,-173,-175,-185,-185,-191,-191,-199,-191,-263,-256,-258,-192,-236,-229,-306,-291,-251,-251,-251,-247,-372,-354,-436,-446,-434,-445,-460,-445,-445,-407,-559,-548,-525,-504,-559,-559,-574,-457,-557,0,-564,-564,-973,-922]} 1. e4 e5 2. Nf3 Nc6 3. Bc4 Nf6 4. d3 Bc5 5. c3 O-O 6. O-O d6 7. Nbd2 {Recently 7.Re1 got a lot of attention.} a5 {C54: Giuoco Piano: 4 c3 Nf6, main lines with 5 d4 and 5 d3.} 8. Re1 Be6 9. Bb5 Qb8 {The position is equal.} 10. Bxc6 bxc6 11. Nf1 {[#]} h6 $146 ({Predecessor:} 11... a4 12. h3 Re8 13. Ng3 Qb5 14. Nh4 Nd7 15. Nhf5 d5 16. h4 Bf8 17. h5 Nc5 18. exd5 cxd5 19. Rxe5 Qxd3 {0-1 (34) Radjabov,T (2765)-Anton Guijarro,D (2703) chess24.com INT 2020}) 12. Ng3 Re8 13. h3 a4 14. Nh4 Kh7 15. Nhf5 Ng8 16. Qd2 Qd8 17. Kh2 h5 ({Black should play} 17... Bb6 $15) 18. d4 Bb6 19. Nxh5 ({Better is} 19. Qe2 $11 g6 20. dxe5) 19... g6 $15 20. Nh6 (20. Nhg3 $15) 20... gxh5 $19 21. Nxg8 Kxg8 22. Qh6 Bd7 (22... exd4 $2 23. Bg5 $18) 23. Bg5 {[#]} Re6 $1 {[%mdl 512]} 24. Qxh5 Qf8 {...Qg7 is the strong threat.} 25. dxe5 dxe5 26. Rad1 {[#]} Be8 ({Avoid the trap} 26... Bxf2 $2 27. Rf1 $18) 27. Qh4 Rg6 {And now ...Qg7 would win.} 28. Be3 Bxe3 29. Rxe3 Qh6 30. Qe7 Qg5 31. Qxg5 Rxg5 32. g4 Rb8 33. Rd2 Rg6 34. Red3 Rd6 35. Rxd6 cxd6 {[%mdl 4096] Endgame KRB-KR} 36. Kg3 Kf8 37. g5 (37. a3 {might work better.}) 37... Ke7 38. h4 Bd7 39. f4 Be6 40. a3 exf4+ 41. Kxf4 Rh8 42. Kg3 c5 43. Rd1 (43. Rh2 {keeps fighting.}) 43... Bc4 44. Rh1 Be2 45. Kf4 Ke6 46. Rh2 Bh5 47. Rd2 Bg6 48. Rh2 f6 49. gxf6 Kxf6 50. Rh3 Rh5 51. c4 Ke6 52. Rh2 Kf6 53. Rh3 $1 Bf7 54. Rc3 Rxh4+ {Weighted Error Value: White=0.35/Black=0.21} 0-1

[Event "Magnus Carlsen Invitational 2021"]
[Site "Online"]
[Date "2021.03.10"]
[Round "2.8"]
[White "Radjabov, Teimour"]
[Black "Pichot, Alan"]
[Result "1/2-1/2"]
[WhiteElo "2758"]
[BlackElo "2548"]
[Annotator "TA"]
[PlyCount "49"]
[EventDate "2021.03.13"]
[EventType "tourn"]
[EventCountry "NET"]
[SourceTitle "playchess.com"]
[Source "ChessBase"]
[SourceQuality "1"]

{[%evp 13,49,-7,0,0,0,0,0,0,0,-10,-7,-11,-8,-17,0,0,0,-18,0,0,0,0,0,0,0,0,0,0,0,0,0,0,0,0,0,0,0,0]} 1. Nf3 Nf6 2. c4 e6 3. d4 d5 4. Nc3 dxc4 5. Qa4+ c6 6. Qxc4 b5 7. Qb3 a6 $1 {[%mdl 4] The position is equal. outshines the older 7...Nbd7.} 8. e4 {D43: Semi-Slav: 5 Bg5 h6.} c5 9. e5 c4 10. Qc2 Nd5 11. Be2 Bb7 12. O-O Be7 {[#]} 13. a4 $146 ({Predecessor:} 13. a3 h6 14. Bd1 O-O 15. Qe4 Qc7 16. Qg4 Kh8 17. Bc2 Nxc3 18. bxc3 Rd8 19. Qh5 Bf8 20. Ng5 Kg8 21. Nxf7 {1-0 (21) Bove,A (2369)-Sardo,G (2218) Milan 2011}) 13... Qb6 14. Rd1 h6 15. Nxd5 Bxd5 16. Be3 Qb7 17. axb5 axb5 18. Rxa8 Qxa8 19. b3 $1 {[%cal Rb3c4]} Qc6 20. bxc4 bxc4 21. Rc1 Ba3 22. Ra1 Be7 23. Rc1 Ba3 24. Ra1 Be7 25. Rc1 {An uneventful encounter.  Weighted Error Value: White=0.01/Black=0.01} 1/2-1/2

[Event "Magnus Carlsen Invitational 2021"]
[Site "Online"]
[Date "2021.03.10"]
[Round "3.1"]
[White "Pichot, Alan"]
[Black "Giri, Anish"]
[Result "0-1"]
[WhiteElo "2548"]
[BlackElo "2731"]
[Annotator "TA"]
[PlyCount "62"]
[EventDate "2021.03.13"]
[EventType "tourn"]
[EventCountry "NET"]
[SourceTitle "playchess.com"]
[Source "ChessBase"]
[SourceQuality "1"]

{[%evp 17,62,27,35,44,38,0,0,0,12,9,4,0,0,0,0,0,0,0,0,0,0,0,0,0,0,-76,-75,-70,-101,-183,-153,-298,-298,-316,-308,-519,-500,-1779,-1597,-1600,-1595,-1202,-1209,-1087,-1056,-6295,-6287]} 1. e4 c5 2. Nf3 d6 3. d4 cxd4 4. Nxd4 Nf6 5. Nc3 a6 6. Bg5 e6 7. f4 Nbd7 8. Qe2 Qc7 9. O-O-O b5 10. a3 {B96: Sicilian Najdorf: 6 Bg5 e6 7 f4, lines other than 7...Qb6 and 7...Be7.} Be7 $1 {[%mdl 4] is now more promising than 10...Bb7.} 11. Bxf6 Nxf6 12. g4 {The position is equal.} Nd7 13. g5 Rb8 {[#]} 14. h4 $146 ({Predecessor:} 14. Qd2 Nc5 15. h4 O-O 16. f5 b4 17. axb4 Rxb4 18. f6 Bd8 19. fxg7 Kxg7 20. Rh3 {1-0 (37) Vesely,P (2581)-Trembecki,L (2544) ICCF email 2016}) 14... b4 15. axb4 Rxb4 16. f5 Nc5 17. Bh3 Qb6 18. fxe6 fxe6 19. Rhf1 Rxb2 {Strongly threatening ...e5.} 20. Qf3 $1 {e5 is the strong threat.} Rb4 $1 21. Qf7+ (21. e5 $1 $11 Rxd4 22. Rxd4 Nb3+ {[%mdl 64] Discovered Attack} 23. cxb3 Qxd4 24. exd6 Bxd6 25. Kb1) 21... Kd8 $17 {And now ...Rxd4! would win.} 22. Qxg7 Re8 23. Rf7 {[#]} (23. Rf3 $17 {keeps fighting.}) 23... Bd7 $1 $19 24. Rxe7 ({But not} 24. Qxh7 $2 Qa5) (24. Bg2 $17) 24... Rxe7 25. Qf6 {[#]} Qa5 $1 {[%cal Ra5a1]} 26. Qf8+ $2 (26. Bg2) 26... Kc7 {Black is clearly winning.} 27. Qxe7 (27. Nde2 $142 Nxe4 28. Nxe4 Rxe4 29. Qf2) 27... Qa3+ 28. Kd2 Rxd4+ {[%mdl 64] Double Attack} 29. Ke2 Qxc3 30. Rxd4 Qxd4 31. Qxh7 Nxe4 {Weighted Error Value: White=0.93/Black=0.02} 0-1

[Event "Magnus Carlsen Invitational 2021"]
[Site "Online"]
[Date "2021.03.10"]
[Round "3.2"]
[White "So, Wesley"]
[Black "Radjabov, Teimour"]
[Result "1/2-1/2"]
[WhiteElo "2741"]
[BlackElo "2758"]
[Annotator "TA"]
[PlyCount "101"]
[EventDate "2021.03.13"]
[EventType "tourn"]
[EventCountry "NET"]
[SourceTitle "playchess.com"]
[Source "ChessBase"]
[SourceQuality "1"]

{[%evp 14,101,43,32,41,0,0,0,0,0,0,0,0,0,18,20,20,20,20,20,11,16,14,10,20,0,0,7,25,23,24,17,17,17,46,46,41,42,43,41,41,40,38,32,42,7,25,9,12,0,0,0,0,0,0,0,0,0,0,0,0,0,0,0,8,0,0,0,0,0,4,4,4,0,0,0,0,0,0,0,0,0,0,0,0,0,0,0,0,0]} 1. e4 e5 2. Nf3 Nc6 3. Bc4 Bc5 4. c3 Nf6 5. d3 O-O 6. O-O d5 (6... d6 7. Re1 h6 8. Nbd2 a6 9. Nf1 Re8 10. Ng3 Ba7 11. Bb3 Be6 12. Bc2 d5 13. exd5 Qxd5 14. h3 Rad8 15. Qe2 Bc5 16. b4 Bf8 17. Bb2 Qd7 18. Qf1 Bd5 19. Re3 b5 20. a3 Re6 21. Rae1 e4 22. Nxe4 Nxe4 23. c4 Ng5 24. Nxg5 Rxe3 25. fxe3 hxg5 26. cxd5 Qxd5 {1-0 (59) So,W (2770)-Radjabov,T (2765) chess24.com INT 2020}) 7. exd5 Nxd5 8. Re1 Nb6 {C54: Giuoco Piano: 4 c3 Nf6, main lines with 5 d4 and 5 d3.} 9. Bb3 Bg4 10. h3 Bh5 11. Nbd2 Qxd3 12. Nxe5 Qf5 13. Nef3 $1 Rad8 14. Qe2 Nd5 {White should prevent ...Nf4.} 15. Ne4 Bxf3 16. Qxf3 Qxf3 17. gxf3 Bb6 {[#]} 18. Bg5 $146 ({Predecessor:} 18. Kf1 Nde7 19. Bg5 h6 20. Bxe7 Nxe7 21. Nf6+ gxf6 22. Rxe7 Rd2 23. Re2 Rfd8 24. Rae1 {½-½ (31) Vachier Lagrave,M (2774)-Aronian,L (2758) Khanty-Mansiysk 2019}) 18... Nde7 $1 19. a4 {[#] Hoping for Bxe7.} a5 20. Rad1 Rxd1 21. Rxd1 h6 22. Bxe7 Nxe7 23. f4 Ng6 24. f5 Ne5 25. Kg2 Re8 26. f4 Nc6 27. Kf3 Rd8 28. Rxd8+ Nxd8 $14 {[%mdl 4096] Endgame KBN-KBN} 29. Nd2 c6 30. Ke4 Kf8 {The position is equal.} 31. Ba2 Ke7 32. b4 Bc7 33. Nb3 axb4 34. cxb4 Bd6 35. b5 cxb5 36. axb5 b6 37. Nd4 Bc7 38. Bd5 g6 39. h4 Kf6 40. fxg6 fxg6 41. Kf3 g5 (41... Nf7 {feels hotter.} 42. Bc4 Nd6 43. Bd3 h5 44. Be4 Nf7) 42. fxg5+ hxg5 43. hxg5+ Kxg5 44. Ne6+ (44. Bg8 {is more complex.} Kf6 45. Ke4 Ke7 46. Kd5 Bh2 47. Nc6+) 44... Nxe6 45. Bxe6 $11 {KB-KB} Kf6 46. Bc8 Ke5 47. Ba6 Bd8 48. Kg2 Bc7 49. Kf3 Bd8 50. Kg2 Bc7 51. Kf3 {Weighted Error Value: White=0.04/Black=0.03} 1/2-1/2

[Event "Magnus Carlsen Invitational 2021"]
[Site "Online"]
[Date "2021.03.10"]
[Round "3.4"]
[White "Dubov, Daniil"]
[Black "Nepomniachtchi, Ian"]
[Result "1-0"]
[WhiteElo "2770"]
[BlackElo "2778"]
[Annotator "TA"]
[PlyCount "85"]
[EventDate "2021.03.13"]
[EventType "tourn"]
[EventCountry "NET"]
[SourceTitle "playchess.com"]
[Source "ChessBase"]
[SourceQuality "1"]

{[%evp 22,85,87,83,76,52,97,99,109,97,109,104,236,236,237,232,237,233,260,229,238,210,218,181,243,270,410,369,357,355,383,200,437,409,459,456,565,425,766,759,914,912,910,741,737,736,1537,1535,29973,29974,29974,29975,29975,29976,29976,29974,29970,29972,29967,29963,29991,29992,29992,29978,29992,667]} 1. e4 g6 2. d4 Bg7 3. Nc3 d6 4. f4 Nf6 5. Nf3 O-O 6. Bd3 Bg4 7. h3 Bxf3 8. Qxf3 e5 9. dxe5 dxe5 10. f5 Nc6 11. Be3 Nd4 {[#]} 12. Qf2 $1 b5 {next ...c5 is good for Black. B09: Pirc Defence: Austrian Attack.} 13. O-O $5 {[%mdl 4] Leaves trodden paths.} b4 14. Ne2 c5 {White must now prevent ...c4!White is better.} 15. Ng3 {[#]} Qc7 $146 ({Predecessor:} 15... Qa5 16. a3 Qc7 17. Bc4 Kh8 18. Bg5 Rab8 19. Bxf6 Bxf6 20. c3 bxc3 21. bxc3 Nb5 22. Bxb5 Rxb5 {½-½ (34) Gonda,L (2255)-Brkic,A (2208) Oropesa del Mar 2000}) 16. Bc4 Qc6 (16... Rab8 $16) 17. fxg6 $18 hxg6 {[#]} 18. Bg5 $1 {[%cal Rg5f6]} Nh7 19. Be7 Bh6 20. Rad1 Bf4 21. Bxf8 Rxf8 22. Ne2 Nxe2+ (22... Bg5 $142 23. h4 (23. Nxd4 cxd4 24. Bd5 Qc7 $16) (23. Bxf7+ Kg7 $16) 23... Bh6) 23. Qxe2 Ng5 (23... Nf6 {keeps fighting.} 24. Rxf4 {[%mdl 64] Remove Defender} exf4) 24. Bd5 Qc8 25. h4 Ne6 {If only Black now had time for ...Nd4....} 26. c3 (26. Qg4 $142) 26... Kg7 $2 (26... Ng7 {is a better defense.} 27. g3 Bxg3) 27. Qf3 bxc3 28. bxc3 f5 29. Bc4 Rf6 (29... Nd4 $142 30. cxd4 cxd4) 30. g3 Bh6 31. exf5 gxf5 32. Rd6 e4 33. Qd1 {Threatens to win with Rd7+.} Be3+ 34. Kh2 Nd4 35. Rxf6 {White mates.} Kxf6 36. cxd4 cxd4 {[#]} 37. Qh5 $1 Qxc4 38. Rxf5+ {KQR-KQB} Ke7 39. Qh7+ Kd6 40. Qg6+ Ke7 41. Re5+ {[%mdl 64] Discovered Attack} Kd7 42. Qg7+ Kd8 43. Qe7+ {Black got outplayed after the opening.  Weighted Error Value: White=0.17/Black=0.67} (43. Qf6+ $142 Kc8 44. Re7 Bg1+ 45. Kh1 Qc7 46. Qf5+ {[%mdl 64] Double Attack} Kb8 47. Qb5+ Kc8 48. Re8+ Qd8 49. Qc6+ {[%mdl 64] Double Attack} Kb8 50. Rxd8#) 1-0